<?xml version="1.0" encoding="UTF-8"?>
<record
    xmlns:xsi="http://www.w3.org/2001/XMLSchema-instance"
    xsi:schemaLocation="http://www.loc.gov/MARC21/slim http://www.loc.gov/standards/marcxml/schema/MARC21slim.xsd"
    xmlns="http://www.loc.gov/MARC21/slim">

  <leader>00710nam a22001577a 4500</leader>
  <controlfield tag="003">OSt</controlfield>
  <controlfield tag="005">20150917163323.0</controlfield>
  <controlfield tag="008">150917b        xxu||||| |||| 00| 0 eng d</controlfield>
  <datafield tag="040" ind1=" " ind2=" ">
    <subfield code="c">RUA</subfield>
  </datafield>
  <datafield tag="082" ind1=" " ind2=" ">
    <subfield code="a">AGR THA 2005 B032 Or.1</subfield>
  </datafield>
  <datafield tag="100" ind1=" " ind2=" ">
    <subfield code="9">706</subfield>
    <subfield code="a">THAI VUTHY</subfield>
  </datafield>
  <datafield tag="245" ind1=" " ind2=" ">
    <subfield code="a">Biological trait of camelina sativa on irrigation at chomkarleu district, kampong cham province,(&#x179B;&#x1780;&#x17D2;&#x1781;&#x178E;&#x17C8;&#x1787;&#x17B8;&#x179C;&#x179F;&#x17B6;&#x179F;&#x17D2;&#x179A;&#x17D2;&#x178F;&#x178A;&#x17C6;&#x178E;&#x17B6;&#x17C6;&#x1780;&#x17B6;&#x1798;&#x17C1;&#x179B;&#x17B8;&#x178E;&#x17B6;&#x179F;&#x17B6;&#x1791;&#x17B8;&#x179A;&#x17C9;&#x17B6;&#x1780;&#x17D2;&#x1793;&#x17BB;&#x1784;&#x179B;&#x1781;&#x17D0;&#x178E;&#x17D2;&#x178C;&#x179F;&#x17D2;&#x179A;&#x17C4;&#x1785;&#x179F;&#x17D2;&#x179A;&#x1796; &#x1793;&#x17C5;&#x179F;&#x17D2;&#x179A;&#x17BB;&#x17BB;&#x1780;&#x1785;&#x17C6;&#x1780;&#x17B6;&#x179A;&#x179B;&#x17BE;&#x1781;&#x17C1;&#x178F;&#x17D2;&#x178F;&#x1780;&#x17C6;&#x1796;&#x1784;&#x17CB;&#x1785;&#x17B6;&#x1798;)</subfield>
  </datafield>
  <datafield tag="260" ind1=" " ind2=" ">
    <subfield code="a">phnom penh </subfield>
    <subfield code="b">RUA</subfield>
    <subfield code="c">2005</subfield>
  </datafield>
  <datafield tag="300" ind1=" " ind2=" ">
    <subfield code="a">xii,39p.</subfield>
    <subfield code="c">ill.</subfield>
    <subfield code="g">29cm.</subfield>
  </datafield>
  <datafield tag="942" ind1=" " ind2=" ">
    <subfield code="2">ddc</subfield>
    <subfield code="c">AGR</subfield>
  </datafield>
  <datafield tag="999" ind1=" " ind2=" ">
    <subfield code="c">680</subfield>
    <subfield code="d">680</subfield>
  </datafield>
  <datafield tag="952" ind1=" " ind2=" ">
    <subfield code="0">0</subfield>
    <subfield code="1">0</subfield>
    <subfield code="2">ddc</subfield>
    <subfield code="4">0</subfield>
    <subfield code="6">AGR_THA_2005_000000000000000_B032_OR_1</subfield>
    <subfield code="7">0</subfield>
    <subfield code="9">2894</subfield>
    <subfield code="a">LBB</subfield>
    <subfield code="b">LBB</subfield>
    <subfield code="c">B032</subfield>
    <subfield code="d">2015-09-17</subfield>
    <subfield code="o">AGR THA 2005 B032 Or.1</subfield>
    <subfield code="p">RUA001370</subfield>
    <subfield code="r">2015-09-17</subfield>
    <subfield code="w">2015-09-17</subfield>
    <subfield code="y">AGR</subfield>
  </datafield>
</record>
